| 000 | 00000nam##2200000za#4500 |
| 001 | 9.633905 |
| 003 | CaOODSP |
| 005 | 20210624215541 |
| 007 | cr ||||||||||| |
| 008 | 150407|2005||||xxc|||||o f|0| 0 fre|d |
| 040 | |aCaOODSP|bfre |
| 043 | |an-cn--- |
| 086 | 1 |aH128-1/05-434F-PDF |
| 110 | 1 |aCanada. |bSanté Canada.|bDirection générale de la santé environnementale et de la sécurité des consommateurs. |
| 245 | 10|aSoyez prudents avec les briquets et les allumettes |h[ressource électronique] |
| 260 | |aOttawa - Ontario : |bSanté Canada. |c©2005, révisé août 2005. |
| 300 | |a1p.|bill. |
| 500 | |aLe n° de catalogue (H128-1/05-434) et l’ISBN (0-662-69213-6) de l'édition imprimée bilingue ont été incorrectement copiés dans l’édition électronique. |
| 590 | |a07-10|b2007-03-09 |
| 691 | 07|aPrévention des incendies|2gcpds |
| 775 | 08|tBe careful with lighters and matches |w(CaOODSP)9.689501 |
| 856 | 40|ahttp://publications.gc.ca|qPDF|s419 Ko|uhttps://publications.gc.ca/collections/Collection/H128-1-05-434F.pdf |